| 000 | 00797nab a2200217 uc4500 | ||
|---|---|---|---|
| 001 | 115895 | ||
| 005 | 20240305093459.0 | ||
| 008 | 961219e19960501 spa | ||
| 035 | _a115895 | ||
| 035 | _a(OCoLC)819749917 | ||
| 040 | _ccomduadb | ||
| 041 | _aspa | ||
| 100 | 1 | 0 |
_aGimenez, Fabian _4aut _eaut _9314643 |
| 245 | 1 | 4 | _aLas palabras deseantes y el "Otro" del discurso |
| 600 | 1 | 0 |
_aLyotard, Jean-François, _d1924-1998 _4aut _0(isni)0000 0001 2096 8164 _0(viaf)108393539 _9238092 |
| 650 |
_aLyotard, Jean Francois, 1924-1998 _951779 |
||
| 650 | 7 |
_aDeseo _2embne _957 |
|
| 650 | 7 |
_aArte y filosofía _2lemb _9141213 |
|
| 773 | 0 |
_tRevista de Filosofía. Universidad Iberoamericana (México) _gVolumen 29, Número 086, Mayo-Agosto 1996, p. 289-299 _w106978 _x0185-3481 _092043 |
|
| 942 | _cARIMP | ||
| 999 |
_c90836 _d90836 |
||